| 000 | 00761nam a2200229 a 4500 | ||
|---|---|---|---|
| 005 | 20250205063745.0 | ||
| 008 | 991125s1974 es 000 0 spa u | ||
| 020 | _a8425501822 | ||
| 035 | _aUPN01000010083 | ||
| 049 | _aCG | ||
| 050 | 4 |
_aHF5437 _bC3.28 1974 |
|
| 100 | 1 | _aCalimeri, Michele | |
| 245 | 1 | 4 |
_aLas compras : _bcomo programarlas, organizarlas y controlarlas / _cpor Michele Calimeri ; tr. J. Calm Domenech. |
| 250 | _a4a ed. | ||
| 260 |
_aBarcelona, Esp. : _bHispano-Europea, _c1974. |
||
| 300 | _a288 p. | ||
| 440 | 0 |
_aBiblioteca de dirección, organización y administración de empresas. _pAdministración |
|
| 650 | 2 |
_aCompras _99698 |
|
| 650 | 4 |
_aCOMPRAS INDUSTRIALES _99699 |
|
| 650 | 4 |
_aAdministración industrial _9500 |
|
| 905 | _aLibro | ||
| 999 |
_c10083 _d10083 |
||